<?xml version="1.0" encoding="UTF-8"?>
<record
    xmlns:xsi="http://www.w3.org/2001/XMLSchema-instance"
    xsi:schemaLocation="http://www.loc.gov/MARC21/slim http://www.loc.gov/standards/marcxml/schema/MARC21slim.xsd"
    xmlns="http://www.loc.gov/MARC21/slim">

  <leader>01666nam a22002177a 4500</leader>
  <controlfield tag="008">241106b        |||||||| |||| 00| 0 eng d</controlfield>
  <datafield tag="020" ind1=" " ind2=" ">
    <subfield code="a">9781802797626</subfield>
  </datafield>
  <datafield tag="040" ind1=" " ind2=" ">
    <subfield code="c">tbs</subfield>
  </datafield>
  <datafield tag="041" ind1=" " ind2=" ">
    <subfield code="a">eng</subfield>
  </datafield>
  <datafield tag="050" ind1=" " ind2=" ">
    <subfield code="a">TT505.C456</subfield>
    <subfield code="b">Y68 2024</subfield>
  </datafield>
  <datafield tag="100" ind1=" " ind2=" ">
    <subfield code="a">Young, Caroline</subfield>
    <subfield code="c">(Journalist)</subfield>
    <subfield code="9">23354</subfield>
    <subfield code="e">author</subfield>
  </datafield>
  <datafield tag="245" ind1=" " ind2=" ">
    <subfield code="a">Little book of Chlo&#xE9;</subfield>
    <subfield code="b">: the story of the iconic fashion house</subfield>
    <subfield code="c">/ Caroline Young.</subfield>
  </datafield>
  <datafield tag="260" ind1=" " ind2=" ">
    <subfield code="a">London : Welbeck Publishing, 2024.</subfield>
  </datafield>
  <datafield tag="300" ind1=" " ind2=" ">
    <subfield code="a"> 160 pages : illustrations (chiefly color), portraits (some color) ; 19 cm.</subfield>
  </datafield>
  <datafield tag="490" ind1=" " ind2=" ">
    <subfield code="a">Little books of fashion</subfield>
  </datafield>
  <datafield tag="520" ind1=" " ind2=" ">
    <subfield code="a">Since its establishment in 1952, the House of Chlo&#xE9; is renowned for its bohemian, whimsical style, high-quality fabrics and soft, lightweight designs. At the forefront of pr&#xEA;t-a-porter, founder Gaby Aghion created a ready-to-wear concept celebrating free-spirited femininity and elegance that revolutionized the fashion industry and that holds firm today. Boasting an almost cult-like following for its beautiful bags, and adored by celebrities and fashionistas the world over, the luxury Parisian fashion brand has produced some of the most iconic items ever made &#x2013; the padlocked Paddington bag, Suzannah boots and pixie-style flats to name but a few. With a history of superstar designers including Stella MacCartney, Phoebe Philo and Clare Waight Keller, Lagerfeld-era vintage Chlo&#xE9; pieces more popular than ever, and an exciting new direction under Gabriela Hearst, everyone wants to be a #ChloeGirl.</subfield>
  </datafield>
  <datafield tag="610" ind1=" " ind2="0">
    <subfield code="a">Chlo&#xE9; (Firm: Paris, France)</subfield>
    <subfield code="9">24305</subfield>
  </datafield>
  <datafield tag="650" ind1=" " ind2="0">
    <subfield code="a">Fashion design</subfield>
    <subfield code="z">France</subfield>
    <subfield code="x">History</subfield>
    <subfield code="9">23056</subfield>
  </datafield>
  <datafield tag="650" ind1=" " ind2="0">
    <subfield code="a">Fashion designers</subfield>
    <subfield code="z">France</subfield>
    <subfield code="x">History</subfield>
    <subfield code="9">24304</subfield>
  </datafield>
  <datafield tag="942" ind1=" " ind2=" ">
    <subfield code="2">lcc</subfield>
  </datafield>
  <datafield tag="952" ind1=" " ind2=" ">
    <subfield code="0">0</subfield>
    <subfield code="1">0</subfield>
    <subfield code="2">lcc</subfield>
    <subfield code="4">0</subfield>
    <subfield code="7">0</subfield>
    <subfield code="a">TBS</subfield>
    <subfield code="b">TBS</subfield>
    <subfield code="d">2024-11-06</subfield>
    <subfield code="l">1</subfield>
    <subfield code="o">TT505 YOU</subfield>
    <subfield code="p">B02996</subfield>
    <subfield code="r">2026-03-20</subfield>
    <subfield code="s">2026-02-04</subfield>
    <subfield code="t">1</subfield>
    <subfield code="w">2024-11-06</subfield>
    <subfield code="y">1</subfield>
  </datafield>
  <datafield tag="999" ind1=" " ind2=" ">
    <subfield code="c">4400</subfield>
    <subfield code="d">4400</subfield>
  </datafield>
</record>
